2025-2026 Seattle Seahawks Roster - Statistics

General Stats
  • This quiz has been taken 35 times
  • The average score is 26 of 51
Answer Stats
Position Name % Correct
Running Back Kenneth Walker III
100%
Quarterback Sam Darnold
100%
Running Back Zach Charbonnet
100%
Quarterback Drew Lock
96%
Quarterback Jalen Milroe
96%
Wide Receiver Jaxon Smith-Njigba
96%
Wide Receiver Cooper Kupp
92%
Tight End A.J. Barner
88%
Offensive Lineman Grey Zabel
81%
Cornerback Devon Witherspoon
77%
Safety Nick Emmanwori
73%
Offensive Lineman Abraham Lucas
69%
Tight End Eric Saubert
69%
Linebacker Ernest Jones IV
69%
Offensive Lineman Anthony Bradford
65%
Offensive Lineman Charles Cross
65%
Running Back George Holani
65%
Wide Receiver Tory Horton
62%
Linebacker DeMarcus Lawrence
58%
Tight End Elijah Arroyo
58%
Offensive Lineman Jalen Sundell
58%
Placekicker Jason Myers
58%
Safety Julian Love
54%
Safety Ty Okada
54%
Fullback Brady Russell
50%
Linebacker Drake Thomas
50%
Punter Michael Dickson
50%
Defensive Lineman Leonard Williams
46%
Offensive Lineman Olu Oluwatimi
46%
Fullback Robbie Ouzts
46%
Defensive Lineman Byron Murphy II
38%
Running Back Kenny McIntosh
38%
Linebacker Derick Hall
35%
Linebacker Tyrice Knight
35%
Long Snapper Chris Stoll
31%
Offensive Lineman Christian Haynes
31%
Wide Receiver Cody White
31%
Defensive Lineman Jarran Reed
31%
Defensive Lineman Rylie Mills
31%
Tight End Nick Kallerup
27%
Linebacker Uchenna Nwosu
27%
Offensive Lineman Bryce Cabeldue
19%
Cornerback Nehemiah Pritchett
19%
Defensive Lineman Brandon Pili
15%
Offensive Lineman Mason Richman
15%
Linebacker Connor O’Toole
12%
Linebacker Jared Ivey
12%
Defensive Lineman Mike Morris
12%
Linebacker Patrick O’Connell
12%
Offensive Lineman Amari Kight
8%
Safety A.J. Finley
4%
No matching quizzes found
Score Distribution
Percent of People with Each Score
Percentile by Number Answered
Your Score History
You have not taken this quiz